| 000 | 00738nam a2200241Ia 4500 | ||
|---|---|---|---|
| 008 | 191130s1996##################000#0#eng## | ||
| 020 | _a9780750625227 | ||
| 022 | _a97114219 | ||
| 040 |
_aACL _cACL |
||
| 082 | _a790.196 HUN | ||
| 100 | _aLear, Roma | ||
| 245 |
_aPlay helps : toys and activities for children with special needs _cRoma Lear ; illustrated by Jill Hunter |
||
| 250 | _a4th ed | ||
| 260 |
_aOxford ; Boston, MA _bButterworth/Heinemann _c1996 |
||
| 300 | _axv, 254 p. : ill. ; 25 cm | ||
| 650 | _aChildren with disabilities - Recreation | ||
| 650 | _aCreative activities and seat work | ||
| 650 | _aGames | ||
| 650 | _aToys | ||
| 990 | _abf21094fac10000c02f5ddf345eca89c | ||
| 991 | _a354470 | ||
| 999 |
_c37998 _d37998 |
||